El municipio de Rovira dinamizador de la region centro occidental del Tolima y sus alternativas de desarrollo : 1989-2000 (Record no. 11818)

MARC details
000 -LEADER
campo de control de longitud fija 00428nam a2200133Ia 4500
008 - DATOS DE LONGITUD FIJA--INFORMACIÓN GENERAL
campo de control de longitud fija 231129s1989||||xx |||||||||||||| ||spa||
040 ## - FUENTE DE CATALOGACIÓN
Lengua de catalogación spa
082 ## - NÚMERO DE LA CLASIFICACIÓN DECIMAL DEWEY
Número de clasificación 986.136 B453m
100 ## - ENTRADA PRINCIPAL--NOMBRE DE PERSONA
Nombre de persona Beltran Walteros Edgar Hernando
245 #0 - MENCIÓN DEL TÍTULO
Título El municipio de Rovira dinamizador de la region centro occidental del Tolima y sus alternativas de desarrollo : 1989-2000
260 ## - PUBLICACIÓN, DISTRIBUCIÓN, ETC.
Fecha de publicación, distribución, etc. 1989
264 ## - PRODUCCIÓN, PUBLICACIÓN, DISTRIBUCIÓN, FABRICACIÓN Y COPYRIGHT
Producción, publicación, distribución, fabricación y copyright Esap-Publicaciones
942 ## - ELEMENTOS DE ENTRADA SECUNDARIOS (KOHA)
Fuente del sistema de clasificación o colocación Clasificación Decimal Dewey
Tipo de ítem Koha
Holdings
Estatus retirado Estado de pérdida Fuente del sistema de clasificación o colocación Estado de daño No para préstamo Biblioteca de origen Biblioteca actual Fecha de adquisición Total de préstamos Signatura topográfica completa Código de barras Visto por última vez Copia número Precio de reemplazo Tipo de ítem Koha
    Clasificación Decimal Dewey     BIBLIOTECA PÚBLICA MUNICIPAL RAMON CORREA MEJIA BIBLIOTECA PÚBLICA MUNICIPAL RAMON CORREA MEJIA 09/07/2009   986.136 B453m 27340 29/11/2023 1 29/11/2023 Libros

Powered by Koha